Statistics for Countries of the British Empire

Click here to take the quiz!

General Stats

  • This quiz has been taken 233 times
    (170 since last reset)
  • The average score is 48 of 69

Answer Stats

Independance Country % Correct
August 1947India
98%
July 1867Canada
97%
September 1907New Zealand
96%
January 1901Australia
95%
September 1783United States of America
94%
December 1961South Africa
93%
February 1922Egypt
89%
August 1947Pakistan
86%
January 1956Sudan
85%
April 1921Ireland
83%
October 1932Iraq
80%
April 1980Zimbabwe
80%
October 1970Fiji
79%
December 1963Kenya
79%
June 1997China (Hong Kong)
78%
October 1966Lesotho
77%
July 2011South Sudan
77%
May 1948Israel
76%
October 1964Zambia
76%
January 1948Myanmar (Burma)
75%
August 1962Jamaica
75%
March 1957Ghana
74%
February 1948Sri Lanka
73%
March 1971Bangladesh
73%
September 1966Botswana
73%
August 1957Malaysia
72%
September 1981Belize
71%
August 1965Singapore
71%
September 1968Swaziland
71%
October 1960Cyprus
71%
December 1961Tanzania
70%
October 1960Nigeria
70%
May 1966Guyana
69%
November 1966Barbados
69%
July 1973Bahamas
69%
March 1990Namibia
69%
May 1946Jordan
68%
NoneUnited Kingdom
67%
September 1971Qatar
67%
August 1919Afghanistan
67%
September 1964Malta
67%
November 1970Yemen
66%
October 1962Uganda
66%
December 1971United Arab Emirates
65%
June 1970Tonga
65%
May 1960Somalia
64%
February 1979Saint Lucia
64%
October 1978Tuvalu
63%
January 1968Nauru
61%
July 1979Kiribati
60%
August 1971Bahrain
60%
February 1974Grenada
60%
July 1964Malawi
59%
February 1961Kuwait
59%
February 1965Gambia
59%
July 1978Solomon Islands
58%
September 1975Papua New Guinea
58%
January 1984Brunei
56%
July 1965Maldives
56%
July 1980Vanuatu
54%
January 1960Cameroon
54%
April 1961Sierra Leone
54%
November 1978Dominica
53%
June 1976Seychelles
52%
March 1968Mauritius
52%
November 1981Antigua and Barbuda
45%
September 1983Saint Kitts And Nevis
44%
August 1962Trinidad And Tobago
44%
October 1979Saint Vincent And The Grenadines
38%

Score Distribution

Percentile by Number Answered

Percent of People with Each Score

Your Score History

You have not taken this quiz since the last reset